The history of Cornwall (Record no. 114080)

MARC details
000 -LEADER
fixed length control field 00759cam a22002055a 4500
001 - CONTROL NUMBER
control field L156177
008 - FIXED-LENGTH DATA ELEMENTS--GENERAL INFORMATION
fixed length control field 120502s1824 xxk f 000 0 eng d
035 ## - SYSTEM CONTROL NUMBER
System control number (Sirsi) u156177
041 0# - LANGUAGE CODE
Language code of text/sound track or separate title eng
100 1# - MAIN ENTRY--PERSONAL NAME
Personal name Hitchins, Fortescue
Dates associated with a name 1784-1814
245 04 - TITLE STATEMENT
Title The history of Cornwall
Remainder of title from the earlist records and traditions, to the present time
260 ## - PUBLICATION, DISTRIBUTION, ETC.
Place of publication, distribution, etc. Helston
Name of publisher, distributor, etc. Printed and published by William Penaluna, and sold by Edwards, ...
Date of publication, distribution, etc. 1824
300 ## - PHYSICAL DESCRIPTION
Extent 2 v.
Other physical details ill.
Dimensions 31 cm.
520 ## - SUMMARY, ETC.
Summary, etc. Begun by Hitchins, and after his death completed by Drew, who wrote the greater part of the work.
583 0# - ACTION NOTE
Action Condition reviewed
Time/date of action 20120620
Status condition level 2
651 #4 - SUBJECT ADDED ENTRY--GEOGRAPHIC NAME
Geographic name England
Chronological subdivision 886-
690 ## - LOCAL SUBJECT ADDED ENTRY--TOPICAL TERM (OCLC, RLIN)
Topical term or geographic name as entry element Rural
9 (RLIN) 6268
700 1# - ADDED ENTRY--PERSONAL NAME
Personal name Drew, Samuel
Dates associated with a name 1765-1833
942 ## - ADDED ENTRY ELEMENTS (KOHA)
Suppress in OPAC 0
Holdings
Withdrawn status Lost status Source of classification or shelving scheme Damaged status Not for loan Home library Current library Shelving location Date acquired Total Checkouts Full call number Barcode Date last seen Copy number Price effective from Koha item type
    Dewey Decimal Classification     Historic collection Historic collection Historic collection 02/05/2012   FOLIO 1824 HITCHINS VOL. 1 30077592 06/08/2019 1 06/08/2019 Book
    Dewey Decimal Classification     Historic collection Historic collection Historic collection 02/05/2012   FOLIO 1824 HITCHINS VOL. 2 30077596 06/08/2019 1 06/08/2019 Book